000
00289nam a22001097a 4500
082
_a
051
_b
REA
100
_a
Beaudouin, John T. (Edt)
_9
111978
245
_a
Reader's Digest Condensed Books /
_c
John T. Beaudouin (Edt)
260
_a
New York ,
_c
1978.
300
_a
573p. ;
942
_2
ddc
_c
BK
999
_c
594553
_d
594553